Statistics for Minecraft? or Terraria?

Click here to take the quiz!

General Stats

  • This quiz has been taken 615 times
    (599 since last reset)
  • The average score is 10 of 20

Answer Stats

QuestionAnswer% Correct
Has more downloadsMinecraft
88%
Weapons, Armour, & Tools have durabilityMinecraft
69%
The world is randomly generated unless a seed is inputBoth
66%
Has a singleplayer and multiplayer button in the menuBoth
66%
Has iron, gold, diamonds, emeralds, and rubies as ores/gems.Terraria
63%
Has more than 100 unique mobs(Includes bosses, hostile, and passive mobs).Terraria
62%
Contains a Traveling MerchantBoth
61%
Has multiple dimensionsMinecraft
58%
You can be killed in one hit, even at max health and with the best items in the game.Terraria
56%
Has a biome called "Hell"/"The Underworld"Terraria
50%
Has a skeleton/undead bossBoth
48%
Has a grass/dirt block in its logo/iconBoth
46%
Has a dragon bossBoth
42%
Has over 50 unique biomesMinecraft
42%
Contains the “Aether” (Vanilla only, no mods)Terraria
40%
Has “NPC”s (Check the second caveat)Terraria
40%
Contains a "Jungle Temple" and a "Dungeon"Both
38%
A full day cycle takes 24 minutesTerraria
37%
Released in 2011Both
15%
The player can travel infinitely (Vanilla, cheats off)Neither
15%

Score Distribution

Percentile by Number Answered

Percent of People with Each Score

Your Score History

You have not taken this quiz since the last reset